| 000 | 00530nam a2200157Ia 4500 | ||
|---|---|---|---|
| 008 | 090711s9999 xx 000 0 und d | ||
| 082 | _b70345 | ||
| 100 | _aजोशी ज. वा. | ||
| 245 | _aहातावरू न भविष्य सांगा | ||
| 300 | _a291 | ||
| 600 | _aजोशी ज. वा. | ||
| 630 | _aहातावरू न भविष्य सांगा | ||
| 700 | _aजोशी ज. वा. | ||
| 730 | _aहातावरू न भविष्य सांगा | ||
| 942 | _cBOOK | ||
| 999 |
_c307539 _d307539 |
||